000 00389 a2200157 4500
001 49905
020 _a8535703446
040 _cAnchieta - Bela Vista
100 _aLadeira, Julieta de Godoy
240 1 0 _aAventuras e perigos de um copo d'água
_lpor
245 1 0 _aAventuras e perigos de um copo d'água
300 _a57
362 0 _a2004
650 4 _aLiteratura juvenil
942 _cBK
999 _c49905
_d49905